Sports Quiz

Random Sports or NFL Quiz

NFC West Rushers Quiz Stats

 Plays Quiz not verified by Sporcle

Score 0/190 Timer 10:00
0 Plays Today
Team Player % Correct
Arizona CardinalsDavid Johnson
91.7%
Los Angeles RamsTodd Gurley
87.5%
Los Angeles RamsTodd Gurley
87.5%
Arizona CardinalsChris Johnson
83.1%
Arizona CardinalsDavid Johnson
83.1%
Arizona CardinalsJohnny Johnson
82.8%
Arizona CardinalsJohnny Johnson
82.8%
Arizona CardinalsJohnny Johnson
82.8%
Arizona CardinalsLeShon Johnson
82.1%
San Francisco 49ersFrank Gore
80.6%
San Francisco 49ersFrank Gore
80.6%
San Francisco 49ersFrank Gore
80.6%
San Francisco 49ersFrank Gore
80.6%
San Francisco 49ersFrank Gore
80.6%
San Francisco 49ersKen Willard
78.5%
San Francisco 49ersCharlie Garner
78.5%
Seattle SeahawksMarshawn Lynch
77.7%
Seattle SeahawksMarshawn Lynch
77.7%
Seattle SeahawksMarshawn Lynch
77.7%
Seattle SeahawksMarshawn Lynch
77.7%
Seattle SeahawksMarshawn Lynch
77.7%
Los Angeles RamsTodd Gurley
76.9%
Los Angeles RamsTodd Gurley
76.9%
San Francisco 49ersKevan Barlow
75.5%
Seattle SeahawksShaun Alexander
73.8%
Seattle SeahawksShaun Alexander
73.8%
Seattle SeahawksShaun Alexander
73.8%
Seattle SeahawksShaun Alexander
73.8%
Seattle SeahawksShaun Alexander
73.8%
Seattle SeahawksShaun Alexander
73.8%
Seattle SeahawksShaun Alexander
73.8%
San Francisco 49ersFrank Gore
73%
Los Angeles RamsSteven Jackson
72.3%
Los Angeles RamsSteven Jackson
72.3%
Los Angeles RamsSteven Jackson
72.3%
Los Angeles RamsSteven Jackson
72.3%
Los Angeles RamsSteven Jackson
72.3%
Los Angeles RamsSteven Jackson
72.3%
Los Angeles RamsSteven Jackson
72.3%
Los Angeles RamsSteven Jackson
72.3%
San Francisco 49ersDelvin Williams
69.9%
San Francisco 49ersRicky Watters
69.4%
San Francisco 49ersCarlos Hyde
68.8%
Los Angeles RamsMarshall Faulk
68.5%
Los Angeles RamsMarshall Faulk
68.5%
Los Angeles RamsMarshall Faulk
68.5%
Los Angeles RamsMarshall Faulk
68.5%
Los Angeles RamsMarshall Faulk
68.5%
Los Angeles RamsMarshall Faulk
68.5%
Los Angeles RamsEric Dickerson
66.2%
Los Angeles RamsEric Dickerson
66.2%
Los Angeles RamsEric Dickerson
66.2%
Los Angeles RamsEric Dickerson
66.2%
Arizona CardinalsEmmitt Smith
64.9%
Seattle SeahawksRussell Wilson
64.6%
San Francisco 49ersKeith Henderson
64.1%
Seattle SeahawksSherman Smith
63.8%
Seattle SeahawksSherman Smith
63.8%
Seattle SeahawksSherman Smith
63.8%
Seattle SeahawksSherman Smith
63.8%
Seattle SeahawksSherman Smith
63.8%
Seattle SeahawksChris Carson
60.4%
San Francisco 49ersDerek Loville
58.6%
Seattle SeahawksJulius Jones
56.2%
Team Player % Correct
Seattle SeahawksJulius Jones
56.2%
San Francisco 49ersDexter Carter
51.9%
Seattle SeahawksRicky Watters
51.5%
Seattle SeahawksRicky Watters
51.5%
Seattle SeahawksRicky Watters
51.5%
Seattle SeahawksJohn Williams
50%
San Francisco 49ersVic Washington
49.7%
San Francisco 49ersFrank Gore
49.4%
Arizona CardinalsEdgerrin James
49.3%
Arizona CardinalsEdgerrin James
49.3%
Arizona CardinalsEdgerrin James
49.3%
San Francisco 49ersWilbur Jackson
48.6%
San Francisco 49ersCarlos Hyde
45.5%
San Francisco 49ersCarlos Hyde
45.5%
Arizona CardinalsGarrison Hearst
45.5%
Arizona CardinalsDonny Anderson
44.8%
Arizona CardinalsDonny Anderson
44.8%
Arizona CardinalsOttis Anderson
44.8%
Arizona CardinalsOttis Anderson
44.8%
Arizona CardinalsOttis Anderson
44.8%
Arizona CardinalsOttis Anderson
44.8%
Arizona CardinalsOttis Anderson
44.8%
Arizona CardinalsOttis Anderson
44.8%
Los Angeles RamsJerome Bettis
44.6%
Los Angeles RamsJerome Bettis
44.6%
Los Angeles RamsJerome Bettis
44.6%
Seattle SeahawksCurt Warner
43.8%
Seattle SeahawksCurt Warner
43.1%
Seattle SeahawksCurt Warner
43.1%
Seattle SeahawksCurt Warner
43.1%
Seattle SeahawksCurt Warner
43.1%
Seattle SeahawksCurt Warner
43.1%
San Francisco 49ersFrank Gore
42.4%
San Francisco 49ersGarrison Hearst
41.9%
Arizona CardinalsAdrian Peterson
39.6%
Arizona CardinalsBeanie Wells
38.5%
Arizona CardinalsBeanie Wells
38.1%
Los Angeles RamsCharles White
36.2%
Seattle SeahawksTheotis Brown
34.6%
San Francisco 49ersEarl Cooper
34.3%
Seattle SeahawksChris Warren
33.8%
Seattle SeahawksChris Warren
33.8%
Seattle SeahawksChris Warren
33.8%
Seattle SeahawksChris Warren
33.8%
Seattle SeahawksChris Warren
33.8%
Seattle SeahawksChris Warren
33.8%
Los Angeles RamsWendell Tyler
33.1%
Los Angeles RamsWendell Tyler
33.1%
Los Angeles RamsWendell Tyler
33.1%
San Francisco 49ersKevan Barlow
32.2%
San Francisco 49ersO.J. Simpson
32%
Seattle SeahawksThomas Rawls
31.5%
San Francisco 49ersMatt Breida
31.3%
San Francisco 49ersGarrison Hearst
30.8%
Arizona CardinalsTim Hightower
28.5%
Los Angeles RamsGreg Bell
24.6%
Los Angeles RamsGreg Bell
24.6%
Los Angeles RamsLawrence McCutcheon
23.8%
Los Angeles RamsLawrence McCutcheon
23.8%
Los Angeles RamsLawrence McCutcheon
23.8%
Los Angeles RamsLawrence McCutcheon
23.8%
Los Angeles RamsLawrence McCutcheon
23.8%
Arizona CardinalsStump Mitchell
21.6%
Arizona CardinalsStump Mitchell
21.6%
Team Player % Correct
Arizona CardinalsStump Mitchell
21.6%
Arizona CardinalsAndre Ellington
20.8%
Arizona CardinalsRonald Moore
20.1%
Arizona CardinalsRonald Moore
20.1%
San Francisco 49ersCharlie Garner
19.3%
Los Angeles RamsZac Stacy
19.2%
Arizona CardinalsTerry Metcalf
18.7%
Arizona CardinalsTerry Metcalf
18.7%
Arizona CardinalsMichael Pittman
18.7%
Arizona CardinalsMichael Pittman
18.7%
Arizona CardinalsRashard Mendenhall
18.5%
Arizona CardinalsJim Otis
17.9%
Arizona CardinalsJim Otis
17.9%
Arizona CardinalsJim Otis
17.9%
Los Angeles RamsTre Mason
17.7%
San Francisco 49ersRoger Craig
17.5%
San Francisco 49ersVic Washington
17.3%
San Francisco 49ersRicky Watters
17.2%
Arizona CardinalsAdrian Murrell
17.2%
Arizona CardinalsAdrian Murrell
17.2%
Los Angeles RamsLawrence Phillips
16.9%
Los Angeles RamsLawrence Phillips
16.9%
San Francisco 49ersDelvin Williams
16.3%
Seattle SeahawksChristine Michael
16.2%
San Francisco 49ersJeff Moore
16%
San Francisco 49ersFrank Gore
15.8%
Arizona CardinalsMarcel Shipp
15.7%
Arizona CardinalsMarcel Shipp
15.7%
Arizona CardinalsMarcel Shipp
15.7%
San Francisco 49ersDelvin Williams
15.5%
San Francisco 49ersRoger Craig
15.2%
San Francisco 49ersRoger Craig
14.8%
Arizona CardinalsLaRod Stephens-Howling
14.6%
San Francisco 49ersFrank Gore
14.1%
San Francisco 49ersWendell Tyler
13.9%
Los Angeles RamsCleveland Gary
13.1%
Los Angeles RamsCleveland Gary
13.1%
San Francisco 49ersKen Willard
12.8%
San Francisco 49ersRicky Watters
12.1%
Seattle SeahawksDerrick Fenner
11.5%
San Francisco 49ersRoger Craig
10.9%
Los Angeles RamsWillie Ellison
10.8%
Los Angeles RamsWillie Ellison
10.8%
San Francisco 49ersGarrison Hearst
10.7%
San Francisco 49ersRoger Craig
10.7%
Arizona CardinalsMacArthur Lane
10.4%
Arizona CardinalsMacArthur Lane
10.4%
San Francisco 49ersRicky Patton
10.3%
Los Angeles RamsCullen Bryant
10%
Los Angeles RamsCullen Bryant
10%
San Francisco 49ersWendell Tyler
9.2%
San Francisco 49ersTerry Kirby
8.8%
Los Angeles RamsRobert Delpino
7.7%
Seattle SeahawksDavid Hughes
7.7%
Arizona CardinalsEarl Ferrell
6.7%
Arizona CardinalsEarl Ferrell
6.7%
San Francisco 49ersGarrison Hearst
6.4%
Los Angeles RamsLes Josephson
6.2%
Seattle SeahawksJim Jodat
6.2%
Arizona CardinalsLeeland McElroy
5.2%
Los Angeles RamsJune Henley
3.8%
San Francisco 49ersPaul Hofer
2.6%

You're not logged in!

Compare scores with friends on all Sporcle quizzes.
OR
Log In

Sporcle TV

Today on Sporcle TV


Watch our educational content, quiz creation guides, and fun videos on Sporcle TV.

Show Comments

Extras

Top Quizzes Today


Score Distribution

Your Account Isn't Verified!

In order to create a playlist on Sporcle, you need to verify the email address you used during registration. Go to your Sporcle Settings to finish the process.

Report this User

Report this user for behavior that violates our Community Guidelines.

Details: